| 000 | 00000nam 2200000za 4500 |
| 001 | 9.810675 |
| 003 | CaOODSP |
| 005 | 20250403105705 |
| 007 | cr ||||||||||| |
| 008 | 160205s2016||||onc|||||o f|0| 0 fre d |
| 020 | |a9780660045238 |
| 040 | |aCaOODSP|bfre |
| 043 | |an-cn--- |
| 086 | 1 |aCS92-160/2016F-PDF |
| 245 | 00|aFichiers des limites, guide de référence |h[ressource électronique] : |bannée de recensement 2016. |
| 250 | |aPremière édition. |
| 260 | |aOttawa : |bStatistique Canada, |c2016. |
| 300 | |a31 p. : |bfigures. |
| 500 | |aPubl. aussi en anglais sous le titre : Boundary files, reference guide: Census year 2016. |
| 500 | |a« Date de diffusion : le 16 novembre 2016. » |
| 692 | 07|2gccst|aCarte démographique |
| 692 | 07|2gccst|aRecensement |
| 710 | 2 |aStatistique Canada. |
| 775 | 08|tBoundary files, reference guide |w(CaOODSP)9.810672 |
| 794 | |tFichiers des limites, guide de référence |w(CaOODSP)9.813980 |
| 856 | 40|qPDF|s406 Ko|uhttps://publications.gc.ca/collections/collection_2016/statcan/92-160-g/92-160-g2016001-fra.pdf |